Statistics for Two Colors Countries Flags

Click here to take the quiz!

General Stats

  • This quiz has been taken 33 times
  • The average score is 28 of 37

Answer Stats

HintColorsCountry% Correct
EuropeBlue & WhiteFinland
100%
AsiaRed & WhiteJapan
97%
EuropeRed & WhitePoland
97%
EuropeRed & WhiteDenmark
93%
AsiaRed & WhiteIndonesia
93%
EuropeRed & WhiteMonaco
93%
EuropeBlue & YellowSweden
93%
EuropeBlue & YellowUkraine
90%
EuropeBlue & WhiteGreece
86%
EuropeRed & WhiteAustria
83%
AsiaGreen & RedBangladesh
83%
N. AmericaRed & WhiteCanada
83%
AsiaRed & YellowChina
83%
EuropeRed & WhiteSwitzerland
83%
AsiaRed & YellowVietnam
79%
EuropeRed & WhiteLatvia
76%
OceaniaBlue & YellowPalau
76%
AsiaRed & WhiteTurkey
76%
AsiaGreen & WhiteSaudi Arabia
72%
AsiaRed & WhiteSingapore
72%
AsiaWhite & BlackAfghanistan
69%
N. AmericaBlue & WhiteHonduras
69%
AsiaBlue & WhiteIsrael
69%
AfricaRed & GreenMorocco
69%
EuropeRed & BlackAlbania
66%
AsiaRed & WhiteBahrain
66%
EuropeRed & YellowNorth Macedonia
66%
AsiaRed & WhiteQatar
66%
AfricaRed & WhiteTunisia
66%
OceaniaBlue & WhiteFS Micronesia
62%
AsiaGreen & WhitePakistan
59%
AfricaBlue & WhiteSomalia
59%
OceaniaRed & WhiteTonga
59%
AsiaBlue & YellowKazakhstan
55%
AsiaRed & YellowKyrgyzstan
55%
AfricaGreen & WhiteNigeria
55%
AsiaRed & WhiteGeorgia
48%

Score Distribution

Percentile by Number Answered

Percent of People with Each Score

Your Score History

You have not taken this quiz